Countries With Multiple A’s - Statistics

General Stats
  • This quiz has been taken 24 times
    3 since last reset
  • The average score is 33 of 56
Answer Stats
Country % Correct
Albania
100%
Australia
100%
Azerbaijan
100%
Botswana
100%
Canada
100%
Japan
100%
Namibia
100%
North Macedonia
100%
South Africa
100%
United States
100%
Zambia
100%
Afghanistan
50%
Algeria
50%
Andorra
50%
Angola
50%
Antigua and Barbuda
50%
Argentina
50%
Bahamas
50%
Bangladesh
50%
Barbados
50%
Central African Republic
50%
El Salvador
50%
Equatorial Guinea
50%
Ghana
50%
Guatemala
50%
Guyana
50%
Jamaica
50%
Kazakhstan
50%
Madagascar
50%
Malawi
50%
Malaysia
50%
Marshall Islands
50%
Mauritania
50%
Myanmar
50%
Nicaragua
50%
Pakistan
50%
Palau
50%
Panama
50%
Papua New Guinea
50%
Paraguay
50%
Qatar
50%
Saint Lucia
50%
Saint Vincent and the Grenadines
50%
Saudi Arabia
50%
Slovakia
50%
Somalia
50%
Sri Lanka
50%
Taiwan
50%
Tajikistan
50%
Tanzania
50%
Thailand
50%
Trinidad and Tobago
50%
Uganda
50%
United Arab Emirates
50%
Gambia
0%
Lithuania
0%
No matching quizzes found
Score Distribution
Percent of People with Each Score
Percentile by Number Answered
Your Score History
You have not taken this quiz since the last reset